000 01729ngm a22002890a 4500
001 PT16757
003 AR-LpoUNG
005 20210408170803.0
007 vd cvaizq
008 191001suuuu||||ag |||||||||||||||||spa d
037 _c$8.30
040 _aAR-LpoUNG
_bspa
_cAR-LpoUNG
_eaacr
041 _aspa
044 _aag
082 0 _a302.1 714lug
100 1 _aAristarain, Adolfo
_edir.
245 1 3 _aUn lugar en el mundo
260 _aBuenos Aires :
_bTransmundo Home Video,
_cs.f.
300 _aVHS : son., col.
505 0 _aHecha en 1992. - Créditos: Guión, Adolfo Aristarain según un argumento de Adolfo Aristarain y Kathy Saavedra con la colaboración de: Alberto Lecchi; producción, Adolfo Aristarain y Osvaldo Papaleo; dirección de producción, Noemí Nemirovsky; jefe de producción, Beatriz Heiras; asistente de dirección, Fernando Bassi; fotografía, Ricardo de Angelis (h); cámara, Aldo Lobótrico; dirección de arte, Abel Facello; vestuario, Kathy Saavedra; montaje, Eduardo López; música, interpretada por Emilio Kauderer; Sonido, José Luis Díaz; Ayudante de dirección, Nicolás Tuozzo. - Elenco: José Sacristán (Hans Mayer Plaza), Federico Luppi (Mario Dominicci), Cecilia Roth (Ana Dominicci), Leonor Benedetto (Nelda), Gastón Batyi (Ernesto Dominicci), Rodolfo Ranni (Andrada), Hugo Arana (Zamora), Lorena del Río (Luciana), Mario Alarcón (Juan).
520 _aLa historia es la de un joven que relata los sucesos importantes de su adolescencia en un pueblito de San Luis. Un film que tiene que ver con las raíces de cada uno, ésas que uno tarde o temprano busca.
651 4 _aArgentina
653 _aCINE ARGENTINO
653 _aVIDEOS
905 _a16757
942 _cVideo
999 _c54455
_d54455